Statistiques concernant Ultimate Journalistes

Cliquez ici pour prendre le quiz!

Statistiques générales

  • Ce quiz a été pris 33 fois
    (26 depuis la dernière actualisation)
  • Le résultat moyen est 19 sur 60

Statistiques - réponses

Réponse% Correct
Claire Chazal
86%
Gilles Bouleau
82%
Elise Lucet
77%
Patrick Poivre d'Arvor
77%
Yann Barthès
77%
Anne-Claire Coudray
68%
David Pujadas
68%
Hugo Clément
68%
Jean-Pierre Pernaut
68%
Anne-Sophie Lapix
64%
Michel Denisot
64%
Estelle Denis
55%
Jamy Gourmaud
55%
Laurence Ferrari
55%
Jacques Legros
45%
Julian Bugier
45%
Natacha Polony
45%
Léa Salamé
41%
Pascal Praud
41%
Anne Sinclair
36%
Audrey Pulvar
36%
Marie-Sophie Lacarrau
36%
David Castello-Lopes
32%
Marie Drucker
32%
Bernard Pivot
27%
Caroline Roux
27%
Christine Ockrent
27%
Christophe Hondelatte
27%
Edwy Plenel
27%
Laurent Delahousse
27%
Samuel Etienne
27%
Apolline de Malherbe
23%
Jean-jacques Bourdin
23%
Patrick Cohen
23%
Thomas Sotto
23%
Yves Calvi
23%
Flavie Flament
18%
Nathalie Saint-Cricq
18%
Ophélie Meunier
18%
Audrey Crespo-Mara
14%
Christian Jeanpierre
14%
Christine Kelly
14%
Christophe Barbier
14%
Gérard Holtz
14%
Jean-Pierre Elkabbach
14%
William Leymergie
14%
Julien Arnaud
9%
Leïla Kaddour-Boudadi
9%
Mélissa Theuriau
9%
Yves Mourousi
9%
Carole Gaessler
5%
Damien thévenot
5%
Léon Zitrone
5%
Marie-Laure Augry
5%
Thomas Snégaroff
5%
Bruno Masure
0%
Elizabeth Martichoux
0%
Jacques Pradel
0%
Roger Gicquel
0%
Xavier de Moulin
0%

Distribution des résultats

Percentile par nombre de réponses

% des personnes avec chaque résultat

Votre développement - résultats

Vous n’avez pas pris ce quiz depuis la dernière actualisation